| 000 | 00670nam a2200229Ia 4500 | ||
|---|---|---|---|
| 003 | OSt | ||
| 005 | 20221005133658.0 | ||
| 006 | a|||||r|||| 00| 0 | ||
| 007 | ta | ||
| 008 | 221004b |||||||| |||| 00| 0 pan d | ||
| 024 | _a63408 | ||
| 037 | _cTextual | ||
| 040 |
_aCRL _cCRL _bpan |
||
| 041 |
_2pan _apan |
||
| 082 | _aO153,3x, M7 | ||
| 100 | _aਗਿੱਲ, ਨਿੰਦਰ, ਥਦ. | ||
| 245 | 0 | _aਅਸੀ੍ਵ ਜਿਉ੍ਵਦੇ- ਅਸੀ੍ਵ ਜਾਗਦੇ | |
| 260 | _c1987 | ||
| 650 | _aਪੰਜਾਬੀ ਸਾਹਿਤ | ||
| 942 |
_hO153,3x, M7 _cTEXL _2cc |
||
| 999 |
_c1067524 _d1067524 |
||